000 00526nam a2200181Ia 4500
008 090123s9999 xx 000 0 und d
082 _b27614
_a891.463/वाळिंबे
100 _aवाळिंबे सुरेश
245 _aसंशय
250 _a1
260 _bयोगिता प्रकाशन
300 _a118
600 _aवाळिंबे सुरेश
630 _aसंशय
700 _aवाळिंबे सुरेश
730 _aसंशय
942 _cBOOK
999 _c65967
_d65967